| 000 | 03048nkm a2200433 c 4500 | ||
|---|---|---|---|
| 999 |
_c210450 _d210450 |
||
| 003 | BLK | ||
| 005 | 20250219163919.0 | ||
| 008 | 180412b bul rap|r|||| r0| ||bulo| | ||
| 010 | _aKNG00166271000 | ||
| 040 | _aBLK | ||
| 041 |
_aBUL _cBUL |
||
| 080 |
_aПолитически и културен разцвет (852-927). Дейността на Кирил и Методий. Приемане на христианството _b94(497.2)"852/927" _x(092) _z94(497.2)"852/927"(092) |
||
| 080 |
_aБългарска литература _b821.163.2 _x(092) _z821.163.2(092) |
||
| 080 |
_aВизантийски учен. Заедно с брат си Методий е създателят на глаголицата, славянски християнски просветител. Канонизиран за светец и равноапостол _b929 Константин Кирил Философ, св. _z929 Константин Кирил Философ, св. |
||
| 080 |
_aВизантийски политически и културен деятел, Заедно с брат си Кирил е създателят на глаголицата, славянски християнски просветител. Канонизиран за светец и равноапостол _b929 Методий, слав. първоучител, св. _z929 Методий, слав. първоучител, св. |
||
| 100 | 1 |
_aПандурски, Васил Иванов _eпърви автор _9308565 |
|
| 139 |
_aПандурски, Васил Иванов и др. _bП 17 |
||
| 245 | 1 | 0 |
_aКирил и Методий в Рим _cВасил Иванов Пандурски; съавт. Светлин Босилков. |
| 257 | _aBGR | ||
| 260 |
_bБълг. художник _c1970 _aСофия |
||
| 300 |
_a115 с. _bс ил. _c33 см |
||
| 380 | _a9 | ||
| 500 | _aАвт. не са отбелязани на кор. - 3 125 тир. - Съдържа разделите : Делото на Кирил и Методий, Кирило-Методиеви места в средновековния Рим, Най-стари образи на Кирил и Методий в Рим, Многовековна традиция. | ||
| 600 | 1 | 4 |
_aКонстантин Кирил Философ _9245770 |
| 600 | 0 |
_aМетодий, слав. първоучител _9251014 |
|
| 650 | 4 |
_aПросветители, български _9244645 |
|
| 650 | 4 |
_aПросветители, славянски _9244646 |
|
| 653 | _aпросветители | ||
| 653 | _aКонстантин Кирил Философ | ||
| 653 | _aМетодий, славянски първоучител | ||
| 700 | 1 |
_aБосилков, Светлин _eсъавт. _9387234 |
|
| 852 |
_aЦб ІІ 26463 _bЦб |
||
| 856 | 4 |
_qpdf _u |
|
| 856 | 4 |
_qpdf _u |
|
| 942 |
_cGRA _n0 _s1 |
||
| 944 |
_aCR _c17.10.2014 _lГеновева Генчева _k30560 |
||
| 944 |
_aED _c17.10.2014 _l17.10.2014 - от С1,Р / 17.10.2014 |
||
| 999 | _d210450 | ||